000 00457nam a2200193Ia 4500
003 GCL
008 140319s9999 xx 000 0 aRus d
040 _aGCL /
_cGCL
082 0 4 _a861
_bM P
100 1 _aMANRIQUE, JORGE
245 1 0 _aPOESIA /
_cMANRIQUE, JORGE
260 _a[S.N] :
_bCATEDRA ،
_c1995
300 _a180
650 0 4 _aLITERATURE
650 0 4 _aPOETRY
650 0 4 _aSPANISH LITERATURE
650 0 4 _aSPANISH POETRY
942 _2ddc
_cBK
999 _c12847
_d12847